000 00630nam a22002417a 4500
003 UA-OsUOA
001 77581
007 ta
008 20110919b un ||||| |||| 00| 0 ukr d
100 _aГлухенький М.Г.
090 _a821.161.2
_bГ55
942 _cBK
040 _aUA-OsUOA
_bukr
_cUA-OsUOA
_dUA-OsUOA
245 _aКоліївщина
_bіст. роман
300 _a393 с.
955 _a3
041 _aukr
080 _a821.161.2
020 _a5-308-00338-6
260 _aК.
_bДніпро
_c1989
650 7 _a82 Література. Літературознавство
_2UDC
999 _c363888
_d363888